Éthique et communication (notice n° 1640284)

détails MARC
000 -LEADER
fixed length control field 01192cam a2200229 4500500
005 - DATE AND TIME OF LATEST TRANSACTION
control field 20260201082525.0
041 ## - LANGUAGE CODE
Language code of text/sound track or separate title fre
042 ## - AUTHENTICATION CODE
Authentication code dc
100 10 - MAIN ENTRY--PERSONAL NAME
Personal name Hovsepian, Catherine
Relator term author
245 00 - TITLE STATEMENT
Title Éthique et communication
260 ## - PUBLICATION, DISTRIBUTION, ETC.
Date of publication, distribution, etc. 2007.<br/>
500 ## - GENERAL NOTE
General note 38
520 ## - SUMMARY, ETC.
Summary, etc. RésuméL’obligation faite par la loi du 4 mars 2002 de mettre en place un droit d’information du patient quant aux soins qui lui sont prodigués et l’accès direct à son dossier médical pose des questions fondamentales à l’exercice professionnel des psychologues en institution.Ce sont les rapports entre le psychologue et son patient mais aussi avec l’équipe, qui sont interrogés au regard, entre autres, du transfert, de l’éthique et de la déontologie.L’informatisation mise en place à ce propos renforce ces inquiétudes.
690 ## - LOCAL SUBJECT ADDED ENTRY--TOPICAL TERM (OCLC, RLIN)
Topical term or geographic name as entry element déontologie
690 ## - LOCAL SUBJECT ADDED ENTRY--TOPICAL TERM (OCLC, RLIN)
Topical term or geographic name as entry element dossier du patient
690 ## - LOCAL SUBJECT ADDED ENTRY--TOPICAL TERM (OCLC, RLIN)
Topical term or geographic name as entry element informatisation
690 ## - LOCAL SUBJECT ADDED ENTRY--TOPICAL TERM (OCLC, RLIN)
Topical term or geographic name as entry element psychologue en institution
690 ## - LOCAL SUBJECT ADDED ENTRY--TOPICAL TERM (OCLC, RLIN)
Topical term or geographic name as entry element transparence
690 ## - LOCAL SUBJECT ADDED ENTRY--TOPICAL TERM (OCLC, RLIN)
Topical term or geographic name as entry element travail en équipe
786 0# - DATA SOURCE ENTRY
Note Empan | 64 | 4 | 2007-03-22 | p. 67-70 | 1152-3336
856 41 - ELECTRONIC LOCATION AND ACCESS
Uniform Resource Identifier <a href="https://shs.cairn.info/revue-empan-2006-4-page-67?lang=fr&redirect-ssocas=7080">https://shs.cairn.info/revue-empan-2006-4-page-67?lang=fr&redirect-ssocas=7080</a>

Pas d'exemplaire disponible.

PLUDOC

PLUDOC est la plateforme unique et centralisée de gestion des bibliothèques physiques et numériques de Guinée administré par le CEDUST. Elle est la plus grande base de données de ressources documentaires pour les Étudiants, Enseignants chercheurs et Chercheurs de Guinée.

Adresse

627 919 101/664 919 101

25 boulevard du commerce
Kaloum, Conakry, Guinée

Réseaux sociaux

Powered by Netsen Group @ 2025